Louis Armstrong New Orleans Int. Destinations (New Orleans, LA, USA) - Statistics

General Stats
  • This quiz has been taken 124 times
    26 since last reset
  • The average score is 43 of 54
Answer Stats
Airline Destination % Correct
Delta Air Lines/Frontier Airlines/Southwest Airlines Atlanta
100%
Delta Air Lines/JetBlue Boston
100%
American Airlines/Spirit Airlines Charlotte
100%
Southwest Airlines Chicago (Midway)
100%
American Airlines/American Eagle/Spirit Airlines/United Airlines/United Express Chicago (O'Hare)
100%
Frontier Airlines/Southwest Airlines Baltimore
95%
American Airlines/American Eagle/Frontier Airlines/Spirit Airlines Dallas/Fort Worth
95%
Southwest Airlines Dallas (Love)
95%
Delta Air Lines/Frontier Airlines/Spirit Airlines Detroit
95%
Southwest Airlines Houston (Hobby)
95%
Frontier Airlines/United Airlines/United Express Houston (Intercontinental)
95%
British Airways London (Heathrow)
95%
American Airlines/American Eagle/Southwest Airlines/Spirit Airlines Miami
95%
United Airlines/United Express Newark
95%
Delta Air Lines/JetBlue New York (JFK)
95%
American Airlines/Delta Air Lines/JetBlue/Southwest Airlines New York (LaGuardia)
95%
Breeze Airways/Frontier Airlines/Southwest Airlines/Spirit Airlines Orlando
95%
Alaska Airlines Seattle/Tacoma
95%
United Airlines/United Express Washington (Dulles)
95%
American Airlines/American Eagle/Southwest Airlines Washington (National)
95%
Delta Connection/Southwest Airlines Austin
90%
Frontier Airlines/Southwest Airlines/United Airlines Denver
90%
Breeze Airways/Delta Air Lines/Southwest Airlines Los Angeles
90%
American Airlines/Southwest Airlines Phoenix (Sky Harbor)
90%
Alaska Airlines Portland (OR)
90%
United Airlines San Francisco
90%
Breeze Airways/Southwest Airlines/Spirit Airlines Tampa
90%
Air Canada Toronto (Pearson)
90%
JetBlue/Southwest Airlines/Spirit Airlines Fort Lauderdale
85%
Breeze Airways/Frontier Airlines/Southwest Airlines Las Vegas
85%
Delta Air Lines/Sun Country Airlines Minneapolis/St. Paul
85%
Southwest Airlines Nashville
85%
Delta Air Lines Salt Lake City
85%
Southwest Airlines San Diego
85%
Breeze Airways/Southwest Airlines/Spirit Airlines Cancún
80%
Breeze Airways Fort Myers
80%
American Airlines/American Eagle/Frontier Airlines Philadelphia
80%
Southwest Airlines San Antonio
80%
Breeze Airways Jacksonville (FL)
75%
Southwest Airlines Kansas City
75%
Breeze Airways Pittsburgh
75%
Breeze Airways Charleston (SC)
70%
Breeze Airways/Southwest Airlines Raleigh/Durham
70%
Allegiant Air Cincinnati
65%
Breeze Airways Norfolk
65%
Southwest Airlines St. Louis
65%
Breeze Airways Richmond
60%
Southwest Airlines Burbank
50%
Breeze Airways Savannah
50%
Breeze Airways Myrtle Beach
30%
Breeze Airways Fayetteville/Bentonville
25%
Southwest Airlines Long Beach
25%
Spirit Airlines San Pedro Sula
15%
Allegiant Air Punta Gorda (FL)
5%
No matching quizzes found
Score Distribution
Percent of People with Each Score
Percentile by Number Answered
Your Score History
You have not taken this quiz since the last reset